Statistical number theory

Αποθηκεύτηκε σε:
Λεπτομέρειες βιβλιογραφικής εγγραφής
Κύριος συγγραφέας: Kraeft, Uwe
Μορφή: Βιβλίο
Γλώσσα:English
Δημοσίευση: Aachen : Shaker Verlag, 2002
Σειρά:Berichte aus der Mathematik,
Θέματα:
Ετικέτες: Προσθήκη ετικέτας
Δεν υπάρχουν, Καταχωρήστε ετικέτα πρώτοι!

MARC

LEADER 00000cam a2200000 i 4500
001 1/38626
008 030725s2002 eng d
020 |a 3-8322-0489-X 
035 |l 10070475 
040 |a GR-MY-UA  |b eng  |e aacr 
041 0 |a eng 
082 0 |a 512.7 
100 1 |a Kraeft, Uwe. 
245 1 0 |a Statistical number theory /  |c Uwe Kraeft 
260 |a Aachen :   |b Shaker Verlag,   |c 2002 
300 |a 65 p.;  |b ill.;  |c 21 cm. 
490 1 |a Berichte aus der Mathematik 
504 |a Includes bibliographical references 
650 0 0 |a Number theory. 
650 0 0 |a Statistics. 
830 0 |a Berichte aus der Mathematik,  |x 0945-0882 
852 |a INST  |b SAMOS  |e 20030725  |h 512.7 KRA  |p 005300024025  |q 005300024025  |t BK  |y 0 
901 |a BIBL3-2003-2 
909 |a Σ  |b 087951 
970 |a ΧΑΤΖΗΠΑΝΑΓΙΩΤΟΥ  |b ΚΥΡΙΑΚΗ  |z 2003/07/25